Dos reyes enfermos del corazón (Record no. 137907)

MARC details
000 -LEADER
campo de control de longitud fija 00833nam a2200193 4500
001 - NÚMERO DE CONTROL
campo de control 137907
003 - IDENTIFICADOR DE NÚMERO DE CONTROL
campo de control ES-MaACL
005 - FECHA Y HORA DE LA ÚLTIMA TRANSACCIÓN
campo de control 20250813040332.0
007 - CAMPO FIJO DE DESCRIPCIÓN FÍSICA--INFORMACIÓN GENERAL
campo de control de longitud fija t|
008 - DATOS DE LONGITUD FIJA--INFORMACIÓN GENERAL
campo de control de longitud fija 070214s1948 sp r ||||1| spa d
100 1# - ENTRADA PRINCIPAL--NOMBRE DE PERSONA
Nombre de persona Sánchez de la Cuesta, Gabriel.
9 (RLIN) 102581
245 10 - MENCIÓN DEL TÍTULO
Título Dos reyes enfermos del corazón
Resto del título : los conquistadores de Sevilla : un ensayo de telediagnóstico, sobre la cardiopatía gotosa del Rey Santo y la cardio-esclerosis del Rey Sabio /
Mención de responsabilidad, etc. Gabriel Sánchez de la Cuesta y Gutiérrez.
260 ## - PUBLICACIÓN, DISTRIBUCIÓN, ETC.
Lugar de publicación, distribución, etc. Sevilla :
Nombre del editor, distribuidor, etc. [s. n.],
Fecha de publicación, distribución, etc. 1948 (
Fabricante Tall. Tip. Hijos de A. Padura)
300 ## - DESCRIPCIÓN FÍSICA
Extensión 107 p., 1 lám. :
Otras características físicas il. ;
Dimensiones 21 cm +
Material acompañante/anejo 1 lám. pleg.
600 04 - PUNTO DE ACCESO ADICIONAL DE MATERIA--NOMBRE DE PERSONA
Nombre de persona Fernando
Numeración III
Títulos y otros términos asociados al nombre Rey de Castilla, Santo.
9 (RLIN) 50201
600 04 - PUNTO DE ACCESO ADICIONAL DE MATERIA--NOMBRE DE PERSONA
Nombre de persona Alfonso
Numeración X,
Títulos y otros términos asociados al nombre Rey de Castilla
9 (RLIN) 19872
852 ## - LOCALIZACIÓN
Ubicación ES-MaACL
Número de control de estantería 1880-F-13
Sublocalización o colección R.25623
Holdings
Estatus retirado Estado de pérdida Estado de daño No para préstamo Colección Biblioteca de origen Biblioteca actual Ubicación en estantería Fecha de adquisición Fuente de adquisición Total de préstamos Signatura topográfica completa Código de barras Visto por última vez Precio de reemplazo Tipo de ítem Koha
        Colección de folletos Biblioteca del Ateneo de Madrid Biblioteca del Ateneo de Madrid Depósito folletos 17/01/2008     1880-F-13 1143507 23/02/2023 23/02/2023 Folleto